Normal view MARC view
  • Copson, E. T

Entry Personal Name

Number of records used in: 2

001 - CONTROL NUMBER

  • control field: 39342

003 - CONTROL NUMBER IDENTIFIER

  • control field: NUST

005 - DATE AND TIME OF LATEST TRANSACTION

  • control field: 20210314131418.0

008 - FIXED-LENGTH DATA ELEMENTS

  • fixed length control field: 210314|| aca||aabn | a|a d

040 ## - CATALOGING SOURCE

  • Original cataloging agency: NUST
  • Transcribing agency: NUST

100 ## - HEADING--PERSONAL NAME

  • Personal name: Copson, E. T

670 ## - SOURCE DATA FOUND

  • Source citation: Work cat.: (NUST): Copson, E. T., An introduction to the theory of functions of a complex variable /, [1950, c1935].
© 2023 Central Library, National University of Sciences and Technology. All Rights Reserved.